000 00246 a2200109 4500
008 20120305nuuuu xx |||| ||eng d
020 _a9780596527983
260 _b
_c
942 _cBK
245 _aRelational Database Dictionary
100 _aDate, C.J.
999 _c95
_d95